000 01045nam a2200217Ia 4500
999 _c37833
_d37833
001 3811
003 GE_BSU
005 20190816153925.0
008 181216s1986||||ge |||||||||||||| ||geo||
040 _cGE_BSU
041 _ageo
080 _a101 ა–30
100 _aავალიანი, სერგი
_9356
245 _aმეცნიერების ბუნება და მისი საზოგადოებრივი დანიშნულება /
_cსერგი ავალიანი; რედ. კ. სანაია ; საქ. სსრ. მეცნ. აკად. ფილოსოფიის უნ–ტი.
264 _aთბილისი :
_bმეცნიერება,
_c1986.
300 _a123 გვ.
_b21 სმ.
653 _aმეცნიერება
700 _aსანაია, კ.
_eრედაქტორი
_93654
710 _aსაქ. სსრ. მეცნ. აკად. ფილოსოფიის უნ–ტი.
_93655
942 _cBK
_2udc